La relación (1600).

Wedi'i Gadw mewn:
Manylion Llyfryddiaeth
Prif Awdur: Sánchez Sedeño, Juan (autor)
Awduron Eraill: Cruz Cruz, Juan (introducción, traducción y notas.)
Fformat: Llyfr
Cyhoeddwyd: Pamplona, España: Ediciones Universidad de Navarra, 2005.
Cyfres:Colección de Pensamiento Medieval y Renacentista, 61.
Pynciau:
Tagiau: Ychwanegu Tag
Dim Tagiau, Byddwch y cyntaf i dagio'r cofnod hwn!

MARC

LEADER 00000nam a22000007a 4500
003 CL-VaPUC
005 20220822114518.0
008 220623b2005 ||||| |||| 00| 0 eng d
999 |c 436251  |d 436249 
020 |a 84-313-2243-8 
040 |c Pontificia Universidad Católica de Valparaíso 
082 7 |a 185 SAN 2005  |2 22 
100 1 |a Sánchez Sedeño, Juan  |e autor  |9 871294 
245 3 |a La relación (1600). 
260 |a Pamplona, España:  |b Ediciones Universidad de Navarra,   |c 2005. 
300 |a 280 páginas.  
490 |a Colección de Pensamiento Medieval y Renacentista,   |v  61. 
500 |a c.1 Donación Familia Prof. Alejandro Guzmán Brito. 
583 |c 20220623  |k Cristina María Rojas Aguilar 
650 |a Relación  |x Filosofía aristotélica   |x Categorías   |9 871510 
700 |a Cruz Cruz, Juan   |e introducción, traducción y notas.   |9 871295 
942 |2 ddc  |c BK  |n 0 
952 |0 0  |1 0  |2 ddc  |4 0  |6 185_000000000000000_SAN_2005  |7 1  |8 C_AGB  |9 583982  |a BIBDER  |b BIBDER  |d 2022-06-23  |e Donación   |i 5652037  |o 185 SAN 2005  |p 5652037  |r 2023-01-25  |t 1  |w 2022-06-23  |y BK_US  |k AGB